[Event "Chigorin Memorial"]
[Site "St Petersburg"]
[Date "2016.10.17"]
[Round "3.74"]
[White "Ivanov, Sergei V"]
[Black "Yashmetov, Mikhail"]
[Result "1-0"]
[WhiteElo "2093"]
[BlackElo "2359"]
[PlyCount "167"]
[EventDate "2016.10.15"]
[EventType "swiss"]
[EventRounds "9"]
[EventCountry "RUS"]

1. e4 c5 2. Nf3 Nc6 3. d4 cxd4 4. Nxd4 Qb6 5. Nb3 Nf6 6. Nc3 e6 7. Qe2 Bb4 8.
Bd2 O-O 9. a3 Be7 10. e5 Ne8 11. O-O-O f6 12. f4 fxe5 13. fxe5 Rf5 14. g4 Rxe5
15. Qg2 Bg5 16. Bd3 d5 17. Bxg5 Rxg5 18. h4 Re5 19. Rhf1 Qd8 20. Rf3 Qxh4 21.
Rh3 Qg5+ 22. Nd2 Nf6 23. Kb1 Re3 24. Rxe3 Qxe3 25. Nf3 Ne5 26. Nxe5 Qxe5 27. g5
Nh5 28. Rf1 Qg3 29. Qh1 Qxg5 30. Rg1 Qe5 31. Re1 Qg5 32. Rg1 Qh6 33. Be2 Bd7
34. Bxh5 Rf8 35. Qg2 Bc6 36. Bg4 Rf7 37. Qe2 Re7 38. Qe5 Qg6 39. Rg3 Qf7 40.
Ne2 Bd7 41. Nf4 g6 42. Re3 Qg7 43. Qg5 Rf7 44. Nxe6 Qf6 45. Qxd5 Bc6 46. Qd8+
Qxd8 47. Nxd8 Rf1+ 48. Ka2 h5 49. Nxc6 bxc6 50. Be6+ Kg7 51. Rc3 g5 52. Rxc6 g4
53. Bc4 Rf2 54. Bd3 Rf6 55. Rc8 g3 56. Be4 h4 57. Rc3 Rf4 58. Bc6 Kf6 59. b4
Rf2 60. Kb3 g2 61. Bxg2 Rxg2 62. Rc8 Kg7 63. Rc4 h3 64. Rh4 h2 65. c4 Kf6 66.
Ka4 Kg5 67. Rh8 Kf6 68. c5 Ke6 69. Kb5 Kd7 70. a4 Kc7 71. Rh7+ Kb8 72. Ka5 Rf2
73. b5 Rc2 74. c6 Ra2 75. Kb4 Rb2+ 76. Kc3 Rg2 77. a5 Rg3+ 78. Kc4 Rg4+ 79. Kc5
Rg5+ 80. Kd6 Rg6+ 81. Kd7 Rg8 82. c7+ Kb7 83. a6+ Ka8 84. b6 1-0

[Event "Chigorin Memorial"]
[Site "St Petersburg"]
[Date "2016.10.17"]
[Round "3.75"]
[White "Schekachikhin, Maksim"]
[Black "Trapeznikova, Darya"]
[Result "1/2-1/2"]
[WhiteElo "2347"]
[BlackElo "2093"]
[PlyCount "184"]
[EventDate "2016.10.15"]
[EventType "swiss"]
[EventRounds "9"]
[EventCountry "RUS"]

1. d4 f5 2. g3 Nf6 3. Bg2 g6 4. Nf3 Bg7 5. O-O O-O 6. b4 c6 7. c4 d5 8. Qb3 Ne4
9. Nc3 Be6 10. c5 Bf7 11. Bf4 Nd7 12. Rab1 Re8 13. Qc2 e5 14. Nxe5 Nxe5 15.
Bxe5 Bxe5 16. dxe5 Rxe5 17. e3 Qc7 18. Ne2 a5 19. a3 axb4 20. axb4 Ree8 21. Ra1
b6 22. cxb6 Qxb6 23. Nd4 Rxa1 24. Rxa1 c5 25. bxc5 Nxc5 26. Rb1 Qd6 27. h4 Be6
28. h5 Rc8 29. hxg6 hxg6 30. Qa2 Bf7 31. Rc1 Rb8 32. Qa3 Ne4 33. Qxd6 Nxd6 34.
Nc6 Rb5 35. Ne5 Kg7 36. Rc6 Ne8 37. Ra6 Rb7 38. Nxf7 Rxf7 39. Bxd5 Rc7 40. Kg2
Nf6 41. Bf3 Re7 42. Rb6 Ne4 43. Rb4 Nf6 44. Rb6 Ne4 45. g4 Nf6 46. gxf5 gxf5
47. Kg3 Ne4+ 48. Bxe4 Rxe4 49. Kf3 Ra4 50. Rd6 Kf7 51. Rd4 Ra6 52. Rf4 Ke6 53.
Kg3 Ra1 54. Rh4 Kf6 55. Rb4 Ra6 56. Kf3 Kg6 57. Rf4 Rb6 58. Ke2 Kg5 59. Rd4
Rb2+ 60. Rd2 Rb3 61. Rc2 Ra3 62. Kd2 Kg4 63. Rc4+ Kg5 64. f3 Kf6 65. Rc3 Ra6
66. Kd3 Ke6 67. Kd4 Kd6 68. Rc4 Ra5 69. f4 Ra1 70. Rb4 Rd1+ 71. Kc4 Rc1+ 72.
Kd3 Rd1+ 73. Kc2 Ra1 74. Rb5 Ke6 75. Kd3 Rd1+ 76. Kc4 Rc1+ 77. Kd4 Rd1+ 78. Kc3
Rc1+ 79. Kd2 Ra1 80. Rb6+ Kd5 81. Rf6 Ke4 82. Re6+ Kf3 83. Kd3 Rd1+ 84. Kc4 Rd2
85. Re5 Rd1 86. Kc3 Rd8 87. Kc4 Rd1 88. Rd5 Re1 89. Rxf5 Rxe3 90. Kd5 Re4 91.
Rf8 Rxf4 92. Rxf4+ Kxf4 1/2-1/2

[Event "Chigorin Memorial"]
[Site "St Petersburg"]
[Date "2016.10.17"]
[Round "3.76"]
[White "Aseev, Vladimir"]
[Black "Dilmukhametov, Artur"]
[Result "0-1"]
[WhiteElo "2087"]
[BlackElo "2347"]
[PlyCount "92"]
[EventDate "2016.10.15"]
[EventType "swiss"]
[EventRounds "9"]
[EventCountry "RUS"]

1. d4 d5 2. c4 c6 3. Nc3 Nf6 4. e3 a6 5. Nf3 Bf5 6. Nh4 Bg4 7. Qb3 Ra7 8. h3
Bh5 9. g4 Bg6 10. Nxg6 hxg6 11. g5 Ne4 12. Nxe4 dxe4 13. h4 e6 14. Qc2 Bb4+ 15.
Bd2 Bxd2+ 16. Qxd2 Nd7 17. O-O-O b5 18. Bg2 bxc4 19. Bxe4 Qb6 20. Qc2 Qb5 21.
a4 Qb4 22. Bxc6 Rc7 23. d5 exd5 24. Bxd7+ Rxd7 25. Rxd5 Rxd5 26. Qe4+ Qe7 27.
Qxd5 O-O 28. h5 Rd8 29. Qc6 gxh5 30. g6 fxg6 31. Qxg6 c3 32. Qc2 cxb2+ 33. Kb1
Qe5 34. Qc4+ Kh7 35. Qc2+ Kh6 36. Rg1 Rd6 37. e4 Qf4 38. Re1 Rd2 39. Qc6+ g6
40. Qc5 Qxf2 41. Qxf2 Rxf2 42. e5 Kg7 43. e6 Kf8 44. e7+ Ke8 45. Re6 h4 46.
Rxg6 h3 0-1

[Event "Chigorin Memorial"]
[Site "St Petersburg"]
[Date "2016.10.17"]
[Round "3.77"]
[White "Pershin, Denis"]
[Black "Myshkovskiy, Sviatoslav"]
[Result "1-0"]
[WhiteElo "2345"]
[BlackElo "2093"]
[PlyCount "51"]
[EventDate "2016.10.15"]
[EventType "swiss"]
[EventRounds "9"]
[EventCountry "RUS"]

1. e4 c5 2. Nf3 Nc6 3. d4 cxd4 4. Nxd4 Nf6 5. Nc3 e5 6. Ndb5 d6 7. Bg5 a6 8.
Na3 b5 9. Nd5 Be7 10. Bxf6 Bxf6 11. c4 b4 12. Nc2 a5 13. Qf3 Bg5 14. h4 Bh6 15.
g4 Bf4 16. Be2 O-O 17. Nxf4 exf4 18. Qxf4 Ne5 19. Rd1 Qb6 20. b3 a4 21. h5 h6
22. g5 f5 23. gxh6 fxe4 24. h7+ Kxh7 25. Qxf8 Bg4 26. Qxa8 1-0

[Event "Chigorin Memorial"]
[Site "St Petersburg"]
[Date "2016.10.17"]
[Round "3.78"]
[White "Bimiev, Ahmad"]
[Black "Timerkhanov, Alexander"]
[Result "0-1"]
[WhiteElo "2076"]
[BlackElo "2340"]
[PlyCount "34"]
[EventDate "2016.10.15"]
[EventType "swiss"]
[EventRounds "9"]
[EventCountry "RUS"]

1. Nf3 d5 2. b3 Bg4 3. Ne5 Bf5 4. e3 Nd7 5. Bb2 Nxe5 6. Bxe5 e6 7. d4 Nf6 8.
Bd3 Bg6 9. h4 Bd6 10. Nd2 Bxe5 11. dxe5 Nd7 12. Nf3 Bh5 13. Rc1 Nxe5 14. Be2
Bxf3 15. gxf3 Qf6 16. c4 Rd8 17. c5 d4 0-1

[Event "Chigorin Memorial"]
[Site "St Petersburg"]
[Date "2016.10.17"]
[Round "3.79"]
[White "Yeletsky, Ivan"]
[Black "Ufimtsev, Egor"]
[Result "1/2-1/2"]
[WhiteElo "2340"]
[BlackElo "2088"]
[PlyCount "109"]
[EventDate "2016.10.15"]
[EventType "swiss"]
[EventRounds "9"]
[EventCountry "RUS"]

1. e4 c5 2. Nf3 Nc6 3. Bb5 e6 4. O-O Nge7 5. c3 d5 6. exd5 Nxd5 7. Ne5 Qc7 8.
Qa4 Bd7 9. Nxd7 Qxd7 10. Rd1 Bd6 11. d4 cxd4 12. Bxc6 Qxc6 13. Qxc6+ bxc6 14.
Rxd4 Ke7 15. Nd2 Rhd8 16. Kf1 Rab8 17. Nc4 Bc7 18. g3 g6 19. Ke2 h5 20. Rd3 e5
21. Be3 Nxe3 22. Rxe3 Kf6 23. Rd3 Rxd3 24. Kxd3 Rd8+ 25. Ke2 Ke6 26. Nd2 f5 27.
Nb3 Bb6 28. Rf1 g5 29. Nd2 f4 30. Nc4 g4 31. Nxb6 axb6 32. h3 Kf5 33. hxg4+
hxg4 34. Rh1 Ke4 35. Rh4 f3+ 36. Ke1 Kd3 37. Kd1 e4 38. Rxg4 Rd6 39. a4 c5 40.
Rh4 e3 41. Ke1 exf2+ 42. Kxf2 Kc2 43. Kxf3 Kxb2 44. c4 Kb3 45. Re4 Kxa4 46. g4
b5 47. cxb5+ Kxb5 48. g5 c4 49. Kg4 c3 50. Re1 Kc4 51. Rc1 Kb3 52. Kf5 Kb2 53.
Rxc3 Kxc3 54. g6 Rxg6 55. Kxg6 1/2-1/2

[Event "Chigorin Memorial"]
[Site "St Petersburg"]
[Date "2016.10.17"]
[Round "3.80"]
[White "Yatzenko, Anton"]
[Black "Nasibullin, Iskander"]
[Result "1-0"]
[WhiteElo "2339"]
[BlackElo "2085"]
[PlyCount "107"]
[EventDate "2016.10.15"]
[EventType "swiss"]
[EventRounds "9"]
[EventCountry "RUS"]

1. e4 c5 2. Nf3 e6 3. g3 Nc6 4. Bg2 g6 5. d4 cxd4 6. Nxd4 e5 7. Nb5 d6 8. O-O
a6 9. N5a3 Be6 10. Nc3 b5 11. Nd5 Bg7 12. c4 b4 13. Nxb4 Nge7 14. Nd5 O-O 15.
Nc2 Rb8 16. b3 f5 17. Ba3 Bxd5 18. exd5 Na7 19. Qd2 f4 20. Rad1 Nf5 21. Be4 Bh6
22. Qe2 Nc8 23. Nb4 Qg5 24. Nc6 Rb7 25. Kh1 fxg3 26. fxg3 Rbf7 27. Bc1 Nxg3+
28. hxg3 Rxf1+ 29. Rxf1 Rxf1+ 30. Qxf1 Qxc1 31. Bg2 Qxf1+ 32. Bxf1 Kf8 33. c5
dxc5 34. Nxe5 Ke7 35. Bxa6 Nb6 36. Bc4 Bg7 37. Nf3 Bf6 38. Nd2 Bd4 39. Ne4 Nc8
40. Kg2 Nd6 41. Ng5 h6 42. Ne6 Be3 43. Kf3 Bg1 44. a4 Nb7 45. Nf4 g5 46. Ne2
Bd4 47. Nxd4 cxd4 48. Ke4 Nd6+ 49. Kxd4 Nf5+ 50. Ke5 Nxg3 51. d6+ Kd7 52. Bb5+
Kc8 53. a5 Nh5 54. a6 1-0

[Event "Chigorin Memorial"]
[Site "St Petersburg"]
[Date "2016.10.17"]
[Round "3.81"]
[White "Fukson, Sofija"]
[Black "Palchun, Grigory"]
[Result "0-1"]
[WhiteElo "2069"]
[BlackElo "2336"]
[PlyCount "100"]
[EventDate "2016.10.15"]
[EventType "swiss"]
[EventRounds "9"]
[EventCountry "RUS"]

1. d4 Nf6 2. Nf3 e6 3. Bf4 c5 4. e3 d5 5. c3 Nc6 6. Nbd2 Be7 7. Bd3 O-O 8. h3
c4 9. Bc2 b5 10. a3 a5 11. O-O Bb7 12. Ne5 Nd7 13. Nxc6 Bxc6 14. e4 Nb6 15. e5
b4 16. Qg4 Re8 17. Rfe1 Na4 18. Bh6 g6 19. Bxa4 Bxa4 20. h4 bxc3 21. bxc3 Bc2
22. Bg5 Rb8 23. Re3 h5 24. Qf4 Bxg5 25. hxg5 Rb2 26. g4 hxg4 27. Nf1 Bf5 28.
Nh2 Kg7 29. Nxg4 Bxg4 30. Qxg4 Rh8 31. Qf4 Rh5 32. Rg3 Qe7 33. Kg2 Kg8 34. a4
Qb7 35. Rh1 Rxh1 36. Kxh1 Ra2 37. Rf3 Qb1+ 38. Kg2 Qf5 39. Qh4 Qe4 40. Qg3 Rxa4
41. Qh2 Ra1 42. Kg3 Qe1 43. Re3 Qg1+ 44. Qxg1 Rxg1+ 45. Kf4 Rc1 46. Re2 Rxc3
47. Ra2 Rd3 48. Rxa5 Rxd4+ 49. Kg3 c3 50. Rc5 Rc4 0-1

[Event "Chigorin Memorial"]
[Site "St Petersburg"]
[Date "2016.10.17"]
[Round "3.82"]
[White "Atlas, Eduard"]
[Black "Gevorgyan, David Sh"]
[Result "1/2-1/2"]
[WhiteElo "2072"]
[BlackElo "2335"]
[PlyCount "137"]
[EventDate "2016.10.15"]
[EventType "swiss"]
[EventRounds "9"]
[EventCountry "RUS"]

1. d4 Nf6 2. Bf4 e6 3. Nf3 b6 4. e3 Bb7 5. Bd3 Be7 6. Nbd2 Nh5 7. Bg3 Nxg3 8.
hxg3 h6 9. c3 c5 10. Qe2 Nc6 11. Ba6 Qc7 12. Bxb7 Qxb7 13. a4 a6 14. Nc4 b5 15.
Nce5 bxa4 16. Rxa4 d6 17. Nxc6 Qxc6 18. Ra2 c4 19. e4 O-O 20. O-O Bd8 21. Nd2
d5 22. Qf3 Rb8 23. exd5 exd5 24. Re1 Bc7 25. Nf1 a5 26. Ne3 Rbe8 27. Kf1 Rd8
28. Nf5 Kh7 29. Ne7 Qd7 30. Qf5+ Qxf5 31. Nxf5 Rfe8 32. Raa1 Re6 33. Ne3 Rd7
34. Ke2 Bd8 35. Kd2 Rb7 36. Kc2 Rb5 37. Ng4 Bc7 38. Rxe6 fxe6 39. Re1 Rb6 40.
Rb1 Kg6 41. Ne3 Rb3 42. Nf1 Rb8 43. Nd2 Kf5 44. Ra1 h5 45. b3 cxb3+ 46. Nxb3
Kg4 47. Nc5 Rf8 48. Nd3 g5 49. Re1 Rf6 50. Re2 Bd6 51. Kb3 Bxg3 52. fxg3 Kxg3
53. Ka4 g4 54. Kxa5 h4 55. Kb5 h3 56. gxh3 gxh3 57. Kc5 h2 58. Rxh2 Kxh2 59.
Kd6 Kg3 60. Ke5 Rf3 61. Nc5 Re3+ 62. Kd6 Rxc3 63. Nxe6 Kg4 64. Kxd5 Ra3 65. Nc5
Kf5 66. Kc6 Ra1 67. d5 Rd1 68. d6 Rxd6+ 69. Kxd6 1/2-1/2

[Event "Chigorin Memorial"]
[Site "St Petersburg"]
[Date "2016.10.17"]
[Round "3.83"]
[White "Volkov, Roman"]
[Black "Biriukov, Oleg V"]
[Result "0-1"]
[WhiteElo "2067"]
[BlackElo "2327"]
[PlyCount "106"]
[EventDate "2016.10.15"]
[EventType "swiss"]
[EventRounds "9"]
[EventCountry "RUS"]

1. e4 c5 2. Nf3 d6 3. d4 cxd4 4. Nxd4 Nf6 5. Nc3 a6 6. g3 e5 7. Nde2 Be7 8. Bg2
b5 9. Nd5 Nxd5 10. Qxd5 Ra7 11. O-O Be6 12. Qd1 Nd7 13. Be3 Rb7 14. Nc3 h6 15.
f4 Nf6 16. h3 O-O 17. Nd5 Bxd5 18. exd5 exf4 19. Bxf4 Nd7 20. Kh2 Rb6 21. Be3
Rb8 22. c3 Bg5 23. Bd4 Bf6 24. Rxf6 Nxf6 25. Qd2 Nd7 26. Rf1 Re8 27. Qf4 Qe7
28. Be4 Ne5 29. Qf5 g6 30. Qf2 f5 31. Bc2 Rf8 32. Kh1 Rbe8 33. Qf4 Qg5 34. Qf2
Nc4 35. h4 Qd2 36. Qxd2 Nxd2 37. Rf2 Re1+ 38. Kh2 Nf1+ 39. Kg2 Ne3+ 40. Bxe3
Rxe3 41. h5 gxh5 42. Bxf5 Kg7 43. a3 Re1 44. Bd3 Rd1 45. Be2 Rxf2+ 46. Kxf2 Rd2
47. b3 Rb2 48. a4 Rxb3 49. axb5 axb5 50. c4 b4 51. Bxh5 Rc3 52. Bg4 Kf6 53. Ke2
Rxc4 0-1

[Event "Chigorin Memorial"]
[Site "St Petersburg"]
[Date "2016.10.17"]
[Round "3.84"]
[White "Maltsevskaya, Aleksandra"]
[Black "Protopopova, Anastasiya"]
[Result "0-1"]
[WhiteElo "2319"]
[BlackElo "2082"]
[PlyCount "148"]
[EventDate "2016.10.15"]
[EventType "swiss"]
[EventRounds "9"]
[EventCountry "RUS"]

1. e4 c6 2. Nf3 d5 3. Nc3 Bg4 4. h3 Bxf3 5. Qxf3 e6 6. d3 Nd7 7. Bd2 Bc5 8. Qg3
Qf6 9. f4 O-O-O 10. O-O-O Qg6 11. Qh4 f5 12. e5 d4 13. Ne2 h5 14. a4 Nb6 15. a5
Nd5 16. Qe1 a6 17. g3 Nge7 18. Bg2 Ba7 19. Qg1 c5 20. Bf3 Qe8 21. b3 g6 22. g4
Rh7 23. gxh5 gxh5 24. Qg5 Qb5 25. Rhg1 Rg8 26. Qh4 Ng6 27. Qf2 Nb4 28. Kb2 Qxa5
29. Nc1 Qb5 30. Rg5 Ne7 31. Rxg8+ Nxg8 32. Rg1 Ne7 33. Qh4 Qe8 34. Qf6 Ned5 35.
Qg6 Qxg6 36. Rxg6 Kd7 37. Bxb4 Nxf4 38. Rg8 cxb4 39. Ra8 Bb6 40. Bxb7 a5 41.
Ba6 Nd5 42. Bb5+ Ke7 43. Bc6 f4 44. Ne2 f3 45. Ng3 f2 46. Bxd5 Rg7 47. Nf1 exd5
48. Ra6 Rg1 49. Rxb6 Rxf1 50. Rf6 h4 51. Ka2 Rh1 52. Rxf2 Ke6 53. Rf4 Rxh3 54.
Rxd4 Kxe5 55. Rg4 Rh1 56. Rg5+ Kd4 57. Kb2 h3 58. Rh5 Rh2 59. Kb1 Ke3 60. Rxd5
Rf2 61. Rh5 h2 62. Kb2 Kf3 63. d4 Kg2 64. Rg5+ Kf1 65. Rh5 Kg1 66. Rg5+ Rg2 67.
Rxa5 h1=Q 68. Ra1+ Kh2 69. Rxh1+ Kxh1 70. d5 Rd2 71. d6 Rxd6 72. c3 Rd2+ 73.
Kc1 bxc3 74. b4 Rb2 0-1

[Event "Chigorin Memorial"]
[Site "St Petersburg"]
[Date "2016.10.17"]
[Round "3.85"]
[White "Matsenko, Andrei"]
[Black "Slugin, Yaroslav"]
[Result "1-0"]
[WhiteElo "2317"]
[BlackElo "2081"]
[PlyCount "87"]
[EventDate "2016.10.15"]
[EventType "swiss"]
[EventRounds "9"]
[EventCountry "RUS"]

1. e4 c5 2. Nf3 Nc6 3. Bb5 Nf6 4. e5 Nd5 5. Nc3 Nb6 6. O-O Qc7 7. Re1 a6 8. Bf1
e6 9. d3 d6 10. exd6 Bxd6 11. Be3 Ne5 12. g3 O-O 13. Ne4 Nbd7 14. Nxd6 Qxd6 15.
Nd2 Nc6 16. Bg2 Rb8 17. h4 b5 18. h5 Ne7 19. h6 g6 20. Ne4 Qc7 21. Bf4 e5 22.
Nf6+ Nxf6 23. Bxe5 Qb6 24. Bxb8 Qxb8 25. Rxe7 Be6 26. a4 b4 27. Qe2 Qd6 28. Ra7
Rb8 29. Ra8 Rxa8 30. Bxa8 Ng4 31. Re1 Qd4 32. Bd5 Nxf2 33. Qxf2 Qxd5 34. Qf6
Kf8 35. Re4 Ke8 36. Qe5 Qa2 37. Qb8+ Kd7 38. Qb7+ Kd8 39. Qb6+ Ke8 40. Qc6+ Kd8
41. Qxc5 Qb1+ 42. Kh2 Qc1 43. Rd4+ Ke8 44. Qc6+ 1-0

[Event "Chigorin Memorial"]
[Site "St Petersburg"]
[Date "2016.10.17"]
[Round "3.86"]
[White "Kiseleva, Arina"]
[Black "Tishova, Svetlana"]
[Result "1/2-1/2"]
[WhiteElo "2059"]
[BlackElo "2317"]
[PlyCount "115"]
[EventDate "2016.10.15"]
[EventType "swiss"]
[EventRounds "9"]
[EventCountry "RUS"]

1. d4 Nf6 2. Nf3 e6 3. c4 d5 4. e3 Be7 5. b3 b6 6. Bb2 Bb7 7. Bd3 Nbd7 8. O-O
c5 9. cxd5 Bxd5 10. Nc3 Bb7 11. dxc5 Bxc5 12. Qe2 O-O 13. Rfd1 Qe7 14. Rac1
Rfd8 15. Ng5 Rac8 16. Nce4 h6 17. Nxf6+ Nxf6 18. Bxf6 Qxf6 19. Ne4 Qg6 20. f3
Bxe4 21. Bxe4 Rxd1+ 22. Rxd1 Qg5 23. Re1 f5 24. Bb1 f4 25. Qa6 Rd8 26. Kh1 Qh4
27. Rf1 fxe3 28. g3 Qh3 29. Bd3 h5 30. Qc4 Rd4 31. Qc2 h4 32. g4 Kf7 33. Qe2
Bd6 34. Rd1 Bf4 35. Bg6+ Kxg6 36. Rxd4 Bxh2 37. Qg2 Qxg2+ 38. Kxg2 Bg3 39. Re4
Bf2 40. Rxe6+ Kg5 41. a4 Kf4 42. Re4+ Kg5 43. Kh3 Kf6 44. f4 Bg3 45. b4 a5 46.
b5 g6 47. Rxe3 Bxf4 48. Rc3 Kg5 49. Rd3 Bg3 50. Rf3 Be5 51. Re3 Kf4 52. Rd3 g5
53. Rd8 Ke4 54. Re8 Kd5 55. Rc8 Bd4 56. Rc6 Bc5 57. Rg6 Be3 58. Rc6 1/2-1/2

[Event "Chigorin Memorial"]
[Site "St Petersburg"]
[Date "2016.10.17"]
[Round "3.87"]
[White "Malinovsky, Ilya"]
[Black "Belous, Mikhail"]
[Result "1-0"]
[WhiteElo "2053"]
[BlackElo "2314"]
[PlyCount "101"]
[EventDate "2016.10.15"]
[EventType "swiss"]
[EventRounds "9"]
[EventCountry "RUS"]

1. e4 c5 2. Nc3 a6 3. f4 e6 4. Nf3 d5 5. d3 Nc6 6. g3 Nge7 7. Bh3 g6 8. O-O Bg7
9. Bd2 O-O 10. Rb1 b5 11. Ne2 Bb7 12. Qe1 dxe4 13. dxe4 Nd4 14. Nexd4 cxd4 15.
Ba5 Qd7 16. Bb4 Rfc8 17. Rf2 Nc6 18. Bd2 Bf8 19. b4 a5 20. a3 axb4 21. axb4 Ra2
22. f5 exf5 23. exf5 Re8 24. Qf1 Qd5 25. fxg6 hxg6 26. Bg2 Nd8 27. Ng5 Qd7 28.
Bxb7 Qxb7 29. Qh3 f5 30. g4 Rxc2 31. gxf5 Re5 32. f6 Rxg5+ 33. Bxg5 Rxf2 34.
Kxf2 Nf7 35. Qb3 Qe4 36. h4 d3 37. Re1 Qd4+ 38. Kg2 Bxb4 39. Re8+ Bf8 40. Qe6
Qc5 41. Bh6 d2 42. Bxf8 Qg1+ 43. Kxg1 d1=Q+ 44. Kf2 Qd4+ 45. Ke2 Qb2+ 46. Kd3
Qb1+ 47. Kd4 Qg1+ 48. Kd5 Qg2+ 49. Kc5 Qf2+ 50. Kxb5 Qf1+ 51. Kb6 1-0

[Event "Chigorin Memorial"]
[Site "St Petersburg"]
[Date "2016.10.17"]
[Round "3.88"]
[White "Musaev, Rasul"]
[Black "Gorbatenko, Alexander"]
[Result "1-0"]
[WhiteElo "2312"]
[BlackElo "2067"]
[PlyCount "43"]
[EventDate "2016.10.15"]
[EventType "swiss"]
[EventRounds "9"]
[EventCountry "RUS"]

1. e4 c5 2. Nf3 Nc6 3. Bb5 g6 4. c3 Bg7 5. d4 cxd4 6. cxd4 Qb6 7. Nc3 Nxd4 8.
Nd5 Nxf3+ 9. Qxf3 Qd6 10. Bf4 Be5 11. Bd2 e6 12. Ne3 Qc5 13. a4 Bxb2 14. O-O
Bxa1 15. Rxa1 Qd4 16. Rd1 Qf6 17. Qh3 a6 18. Be2 h5 19. Nc4 Rh7 20. Bc3 Qd8 21.
Bb4 Ne7 22. Ba5 1-0

[Event "Chigorin Memorial"]
[Site "St Petersburg"]
[Date "2016.10.17"]
[Round "3.89"]
[White "Muhtarov, Leonid"]
[Black "Nazaretyan, Tigran"]
[Result "0-1"]
[WhiteElo "2044"]
[BlackElo "2308"]
[PlyCount "108"]
[EventDate "2016.10.15"]
[EventType "swiss"]
[EventRounds "9"]
[EventCountry "RUS"]

1. Nf3 c5 2. g3 d5 3. Bg2 Nc6 4. O-O e5 5. d3 Be7 6. Nbd2 Nf6 7. e4 O-O 8. Re1
d4 9. Nc4 Qc7 10. a4 b6 11. Bd2 Be6 12. b3 a6 13. a5 b5 14. Nb6 Rad8 15. Ng5 h6
16. Nxe6 fxe6 17. Bh3 Qd6 18. Qe2 Rde8 19. f4 Bd8 20. Rf1 Qb8 21. fxe5 Nxe5 22.
Bf4 Rf7 23. Rf2 g5 24. Bd2 Bxb6 25. axb6 Qxb6 26. Ba5 Qd6 27. Raf1 Ref8 28. Bd2
Kg7 29. Qd1 Kg6 30. Qe2 Nfd7 31. Rxf7 Rxf7 32. Rxf7 Nxf7 33. Qg4 Nde5 34. Qe2
Qb6 35. Bg4 Nxg4 36. Qxg4 Ne5 37. Qd1 a5 38. Qf1 Qd8 39. Kg2 a4 40. bxa4 bxa4
41. Bc1 Qa8 42. Ba3 Qa5 43. Qf8 Qd2+ 44. Qf2 Qc3 45. Qf8 Qxc2+ 46. Kg1 Qb1+ 47.
Kg2 Qa2+ 48. Kh1 Qxa3 49. Qg8+ Kh5 50. Qe8+ Kg4 51. Qxe6+ Kf3 52. Qf5+ Ke2 53.
Kg2 Nxd3 54. e5 Nf4+ 0-1

[Event "Chigorin Memorial"]
[Site "St Petersburg"]
[Date "2016.10.17"]
[Round "3.91"]
[White "Anu, Bayar"]
[Black "Shchukin, Dmitry"]
[Result "1/2-1/2"]
[WhiteElo "2038"]
[BlackElo "2300"]
[PlyCount "82"]
[EventDate "2016.10.15"]
[EventType "swiss"]
[EventRounds "9"]
[EventCountry "RUS"]

1. d4 Nf6 2. c4 e6 3. Nc3 Bb4 4. e3 O-O 5. Bd3 c5 6. Nge2 d5 7. O-O Nc6 8. a3
Bxc3 9. bxc3 Qc7 10. cxd5 exd5 11. Ng3 Re8 12. a4 b6 13. Ba3 Bg4 14. Qc2 c4 15.
Bf5 g6 16. Bxg4 Nxg4 17. Rae1 h5 18. h3 Nxe3 19. fxe3 Qxg3 20. e4 Nxd4 21. Qd2
Ne6 22. Rf3 Qg5 23. Qxd5 Qxd5 24. exd5 Ng5 25. Rfe3 Rxe3 26. Rxe3 Rd8 27. h4
Nh7 28. d6 Nf6 29. Re7 Rd7 30. Kf2 Kf8 31. Rxd7 Nxd7 32. Ke3 a6 33. Kd4 Ke8 34.
Kxc4 Nb8 35. Kd5 Kd7 36. Ke5 b5 37. axb5 axb5 38. Kf6 Ke8 39. Ke5 Kd7 40. Kf6
Ke8 41. Ke5 Kd7 1/2-1/2

[Event "Chigorin Memorial"]
[Site "St Petersburg"]
[Date "2016.10.17"]
[Round "3.92"]
[White "Ibadov, Dashgyn"]
[Black "Yanko, Ivan"]
[Result "1-0"]
[WhiteElo "2294"]
[BlackElo "2060"]
[PlyCount "67"]
[EventDate "2016.10.15"]
[EventType "swiss"]
[EventRounds "9"]
[EventCountry "RUS"]

1. d4 Nf6 2. Nf3 g6 3. c4 Bg7 4. Nc3 O-O 5. e4 d6 6. Be2 e5 7. d5 a5 8. Bg5 h6
9. Bh4 Qe8 10. Nd2 Na6 11. O-O Nh7 12. a3 f5 13. f3 Bd7 14. b3 h5 15. Rb1 Bh6
16. b4 axb4 17. axb4 Be3+ 18. Kh1 g5 19. Bf2 Bxf2 20. Rxf2 f4 21. c5 dxc5 22.
Bxa6 Rxa6 23. bxc5 Qe7 24. d6 cxd6 25. Nd5 Qd8 26. Rxb7 g4 27. cxd6 g3 28. Ne7+
Kg7 29. Re2 Qa8 30. Rxd7 Ra1 31. Nb1 Qa4 32. Nc6+ Kh6 33. Rc2 Ra2 34. Rc1 1-0

[Event "Chigorin Memorial"]
[Site "St Petersburg"]
[Date "2016.10.17"]
[Round "3.93"]
[White "Ungurs, Kazimirs"]
[Black "Paszewski, Mateusz"]
[Result "1/2-1/2"]
[WhiteElo "2024"]
[BlackElo "2291"]
[PlyCount "145"]
[EventDate "2016.10.15"]
[EventType "swiss"]
[EventRounds "9"]
[EventCountry "RUS"]

1. d4 d5 2. c4 c6 3. cxd5 cxd5 4. Bf4 Nf6 5. Nc3 Nc6 6. e3 Bf5 7. Nf3 e6 8. Be2
Bd6 9. Bg3 O-O 10. Nh4 Bg6 11. Nxg6 hxg6 12. O-O Ne8 13. Rc1 Rc8 14. Na4 Bxg3
15. hxg3 Nd6 16. Nc5 b6 17. Na6 Qd7 18. Bd3 Na5 19. b3 Rxc1 20. Qxc1 Rc8 21.
Qd2 Qc6 22. f3 Qc3 23. Qxc3 Rxc3 24. Rd1 Kf8 25. Kf2 Ke7 26. Ke2 Rc8 27. g4 g5
28. Rh1 Nc6 29. Kd2 Nb8 30. Nxb8 Rxb8 31. Rc1 Rc8 32. Rxc8 Nxc8 33. e4 dxe4 34.
fxe4 e5 35. Kc3 Kd6 36. b4 f6 37. d5 Ke7 38. Kd2 Nd6 39. a3 Nf7 40. Ke3 Nh6 41.
Be2 Nf7 42. Bd3 Kd6 43. Be2 Ke7 44. Bd3 Nh8 45. Be2 Ng6 46. g3 Nh8 47. Bd3 Nf7
48. Be2 Kd6 49. Kd3 Kc7 50. Ke3 a5 51. Bd3 Kd6 52. Be2 g6 53. Bf3 Nh6 54. Kd3
axb4 55. axb4 Kc7 56. Kc4 Nf7 57. Kd3 Nd6 58. Bd1 Nb5 59. Ba4 Nd6 60. Bd1 Kd8
61. Ba4 Ke7 62. Bc6 Nf7 63. Ke3 Nd6 64. Kd3 Kf7 65. Bd7 Kf8 66. Bc6 Ke7 67. Ba4
Nf7 68. Ke3 Nd6 69. Kd3 Kd8 70. Bc6 Kc7 71. Ba4 Kb7 72. Bc6+ Ka7 73. Ba4
1/2-1/2

[Event "Chigorin Memorial"]
[Site "St Petersburg"]
[Date "2016.10.17"]
[Round "3.94"]
[White "Gogolev, Artem"]
[Black "Kulagin, Sergey"]
[Result "1-0"]
[WhiteElo "2287"]
[BlackElo "2054"]
[PlyCount "69"]
[EventDate "2016.10.15"]
[EventType "swiss"]
[EventRounds "9"]
[EventCountry "RUS"]

1. Nf3 f5 2. c4 Nf6 3. g3 b6 4. Bg2 Bb7 5. O-O e6 6. d4 Be7 7. d5 O-O 8. Nc3
Qc8 9. a3 a5 10. Nd4 Bc5 11. e4 Bxd4 12. Qxd4 Na6 13. e5 Ne8 14. Rb1 Nc5 15. b4
axb4 16. axb4 Na4 17. Nxa4 Rxa4 18. dxe6 d6 19. Bxb7 Qxb7 20. Bg5 dxe5 21. Qxe5
Nd6 22. e7 Re8 23. Qe6+ Kh8 24. c5 Ne4 25. Qxf5 Raa8 26. Rfe1 Nxg5 27. Qxg5 h6
28. Qe5 Qc6 29. Rbc1 b5 30. Rcd1 Kg8 31. Qd5+ Qxd5 32. Rxd5 Ra6 33. Rd7 Rc6 34.
f4 Kf7 35. Kg2 1-0

[Event "Chigorin Memorial"]
[Site "St Petersburg"]
[Date "2016.10.17"]
[Round "3.95"]
[White "Hong, Xing"]
[Black "Leontiev, Aleksandr V"]
[Result "1-0"]
[WhiteElo "2013"]
[BlackElo "2285"]
[PlyCount "85"]
[EventDate "2016.10.15"]
[EventType "swiss"]
[EventRounds "9"]
[EventCountry "RUS"]

1. e4 Nf6 2. e5 Nd5 3. c4 Nb6 4. d4 d6 5. exd6 cxd6 6. Nc3 g6 7. Nf3 Bg7 8. Be2
O-O 9. O-O Nc6 10. Be3 Bg4 11. b3 d5 12. c5 Nd7 13. Nxd5 Nxc5 14. dxc5 Bxa1 15.
Qxa1 Qxd5 16. h3 Bxf3 17. Bxf3 Qf5 18. Bh6 e5 19. Bxf8 Rxf8 20. Bxc6 bxc6 21.
Rd1 e4 22. Qc3 h5 23. Rd6 Rc8 24. Qd4 Qg5 25. b4 Re8 26. Rxc6 h4 27. Rd6 e3 28.
fxe3 Qg3 29. Qc3 Re5 30. c6 Kh7 31. Rd8 f6 32. Rd3 Rg5 33. Qd2 Kh6 34. e4 Qc7
35. Rd6 a6 36. Rxf6 Qb6+ 37. Qf2 Qxb4 38. Qxh4+ Rh5 39. Qf4+ Kg7 40. Rf7+ Kg8
41. Rb7 Qd4+ 42. Kh2 Rf5 43. Qc7 1-0